000 00418nam a2200145 i 4500
001 44333
003 ES-MaACL
007 t|
008 030321s1941 sp ||||1| spa d
100 1 _aCifuentes, Pedro.
_938806
245 1 0 _aLitiasis urinaria /
_cpor Pedro Cifuentes.
260 _aBarcelona :
_b[s.n.,
_c1941] (
_fImp. Hispano-Americana)
300 _a107 p. :
_bil. ;
_c23 cm.
852 _aES-MaACL
_jE-847
_bR.18803
999 _c44333
_d44333